Coordinated multiuser communications (Record no. 11899)

000 -LEADER
fixed length control field 01413cam a22003977a 4500
001 - CONTROL NUMBER
control field 14814902
005 - DATE AND TIME OF LATEST TRANSACTION
control field 20170105102350.0
008 - FIXED-LENGTH DATA ELEMENTS--GENERAL INFORMATION
fixed length control field 051125s2006 ne a b 001 0 eng
010 ## - LIBRARY OF CONGRESS CONTROL NUMBER
LC control number 2007416630
020 ## - INTERNATIONAL STANDARD BOOK NUMBER
International Standard Book Number 9781402040740 (hbk.)
020 ## - INTERNATIONAL STANDARD BOOK NUMBER
International Standard Book Number 1402040741 (hbk.)
020 ## - INTERNATIONAL STANDARD BOOK NUMBER
International Standard Book Number 9781402040757 (ebook)
020 ## - INTERNATIONAL STANDARD BOOK NUMBER
International Standard Book Number 140204075X (ebook)
035 ## - SYSTEM CONTROL NUMBER
System control number (OCoLC)68767100
035 ## - SYSTEM CONTROL NUMBER
System control number (OCoLC)ocm68767100
040 ## - CATALOGING SOURCE
Original cataloging agency UKM
Transcribing agency UKM
Modifying agency DLC
042 ## - AUTHENTICATION CODE
Authentication code lccopycat
050 00 - LIBRARY OF CONGRESS CALL NUMBER
Classification number TK5103.2
Item number .S33 2006
082 04 - DEWEY DECIMAL CLASSIFICATION NUMBER
Classification number 621.3821
Edition number 22
100 1# - MAIN ENTRY--PERSONAL NAME
Personal name Schlegel, Christian.
245 10 - TITLE STATEMENT
Title Coordinated multiuser communications
Statement of responsibility, etc. Christian Schlegel and Alex Grant.
260 ## - PUBLICATION, DISTRIBUTION, ETC.
Place of publication, distribution, etc. Dordrecht :
Name of publisher, distributor, etc. Springer,
Date of publication, distribution, etc. c2006.
300 ## - PHYSICAL DESCRIPTION
Extent xx, 270 p. :
Other physical details ill. ;
Dimensions 25 cm.
504 ## - BIBLIOGRAPHY, ETC. NOTE
Bibliography, etc. note Includes bibliographical references and indexes.
650 #0 - SUBJECT ADDED ENTRY--TOPICAL TERM
Topical term or geographic name entry element Telecommunication systems.
650 #0 - SUBJECT ADDED ENTRY--TOPICAL TERM
Topical term or geographic name entry element Mobile communication systems.
650 #0 - SUBJECT ADDED ENTRY--TOPICAL TERM
Topical term or geographic name entry element Wireless communication systems.
650 #0 - SUBJECT ADDED ENTRY--TOPICAL TERM
Topical term or geographic name entry element Telecommunication
General subdivision Traffic
-- Management.
650 #0 - SUBJECT ADDED ENTRY--TOPICAL TERM
Topical term or geographic name entry element Network performance (Telecommunication)
700 1# - ADDED ENTRY--PERSONAL NAME
Personal name Grant, Alex.
856 41 - ELECTRONIC LOCATION AND ACCESS
Materials specified Table of contents only
Uniform Resource Identifier <a href="http://www.loc.gov/catdir/toc/fy0710/2007416630.html">http://www.loc.gov/catdir/toc/fy0710/2007416630.html</a>
856 42 - ELECTRONIC LOCATION AND ACCESS
Materials specified Publisher description
Uniform Resource Identifier <a href="http://www.loc.gov/catdir/enhancements/fy0713/2007416630-d.html">http://www.loc.gov/catdir/enhancements/fy0713/2007416630-d.html</a>
906 ## - LOCAL DATA ELEMENT F, LDF (RLIN)
a 7
b cbc
c copycat
d 2
e ncip
f 20
g y-gencatlg
942 ## - ADDED ENTRY ELEMENTS (KOHA)
Source of classification or shelving scheme
Koha item type Book
Holdings
Withdrawn status Lost status Damaged status Not for loan Collection code Permanent Location Current Location Shelving location Date acquired Source of acquisition Cost, normal purchase price Total Checkouts Full call number Barcode Date last seen Price effective from Koha item type
          Central Library (CL) Central Library (CL) General Stacks 06/01/2013 Progressive International Agencies 11663.16   621.3821 SCH SEECS012377 06/07/2013 06/07/2013 Book
© 2023 Central Library, National University of Sciences and Technology. All Rights Reserved.